ES: podmínky a předpoklady vytváření celní unie a jejího rozšiřování

Enregistré dans:
Détails bibliographiques
Auteur principal: Komárková, Eva
Autres auteurs: Krejčí, Lenka
Format: Livre
Langue:tchèque
Publié: Praha Ústřední ústav národohospodářského výzkumu 1991
Édition:1. vyd.
Collection:Studijně rozborové a informační materiály
Sujets:
Tags: Ajouter un tag
Pas de tags, Soyez le premier à ajouter un tag!

MARC

LEADER 00000nam a2200000 4500
001 c005498
005 20221214093537.2
041 0 |a cze 
044 |a CZ 
245 1 0 |a ES: podmínky a předpoklady vytváření celní unie a jejího rozšiřování  |c Eva Komárková, Lenka Krejčí 
250 |a 1. vyd. 
264 1 |a Praha  |b Ústřední ústav národohospodářského výzkumu  |c 1991 
300 |a 67 s. 
490 1 |a Studijně rozborové a informační materiály 
830 0 |a Studijně rozborové a informační materiály 
610 2 0 |a únie colné 
610 2 0 |a Európske spoločenstvá 
610 2 0 |a ČSFR 
610 2 0 |a EHS 
610 2 0 |a politika colná 
100 1 |a Komárková, Eva 
700 1 |a Krejčí, Lenka